| 000 | 02006nam a2200421 i 4500 | ||
|---|---|---|---|
| 001 | in902981950 | ||
| 003 | Ingram | ||
| 005 | 20250717112017.0 | ||
| 008 | 250501s2025 nyu b 000 0 eng d | ||
| 010 | _a 2025930857 | ||
| 020 |
_a9780316585071 _q(hardcover) |
||
| 035 | _a(OCoLC)1518042458 | ||
| 040 |
_aTnLvILS _beng _erda _cTnLvILS _dTnLvILS |
||
| 050 | 4 |
_aHQ756 _b.P3935 2025 |
|
| 082 | 0 | 4 |
_a306.874/2 _223/eng/20250501 |
| 100 | 1 |
_aPatterson, James, _d1947- _eauthor. _95694 |
|
| 245 | 1 | 4 |
_aThe #1 dad book : _bbe the best dad you can be--in 1 hour! / _cJames Patterson. |
| 246 | 3 |
_aJames Patterson's The #1 dad book: _bbe the best dad you can be--in 1 hour! |
|
| 246 | 3 |
_aNumber one dad book : _bbe the best dad you can be--in 1 hour! |
|
| 246 | 3 |
_aNumber 1 dad book : _bbe the best dad you can be--in 1 hour! |
|
| 264 | 1 |
_aNew York : _bLittle, Brown and Company, _c2025. |
|
| 300 |
_a177 pages ; _c19 cm |
||
| 336 | _atext | ||
| 337 | _aunmediated | ||
| 338 | _avolume | ||
| 504 | _aIncludes bibliographical references (pages 165-167). | ||
| 520 |
_a"I did the homework, so you don't have to do as much. I talked to lots of experts, and lots of dads, and lots of experts who are also dads. I read everything I could. Then I wrote and rewrote this book, filled with steps you can take to become a better dad. ... [This book] is filled with stories and advice that will unlock the mysteries of fatherhood both for new dads and for those looking to up their dad game"-- _cProvided by publisher. |
||
| 650 | 0 | _aFather and child. | |
| 650 | 0 | _aFathers. | |
| 650 | 0 | _aFatherhood. | |
| 650 | 0 | _aParenting. | |
| 650 | 0 |
_aFather and child _vQuotations, maxims, etc. _96548819 |
|
| 650 | 0 |
_aFathers _vQuotations. _96548820 |
|
| 650 | 0 |
_aFatherhood _vQuotations, maxims, etc. _96548821 |
|
| 650 | 0 |
_aParenting _vQuotations, maxims, etc. _96548822 |
|
| 655 | 7 |
_aQuotations. _2lcgft _95759402 |
|
| 655 | 7 |
_aSelf-help publications. _2lcgft _95768964 |
|
| 999 |
_c409950 _d409950 |
||